О непрерывных тормазных системах

Detalles Bibliográficos
Autor principal: Петров И. П. Николай Павлович
Sumario:Из Известий С.-Петербургского Практического Технологического Института 1878 г.
Текст в русской дореформенной орфографии
Lenguaje:ruso
Publicado: Санкт-Петербург, Типография Императорской Академии наук, 1878
Materias:
Formato: Libro
KOHA link:https://koha.lib.tpu.ru/cgi-bin/koha/opac-detail.pl?biblionumber=314773

MARC

LEADER 00000nam0a2200000 4500
001 314773
005 20231102002718.0
035 |a (RuTPU)RU\TPU\book\340196 
090 |a 314773 
100 |a 20160218d1878 m y0rusy50 ca 
101 0 |a rus 
102 |a RU 
105 |a a z 000zy 
200 1 |a О непрерывных тормазных системах  |f И. П. Петров 
210 |a Санкт-Петербург  |c Типография Императорской Академии наук  |d 1878 
215 |a 112 с.  |c ил. 
300 |a Из Известий С.-Петербургского Практического Технологического Института 1878 г. 
300 |a Текст в русской дореформенной орфографии 
316 |5 63413507: М-132775  |a На титульном листе и некоторых страницах штамп-экслибрис И. Н. Бутакова 
317 |5 63413507: М-132775  |a Поступила в НТБ в 1970 г. в составе книжного собрания профессора ТПИ И. Н. Бутакова 
327 0 |a Содерж.: Их устройство и теория их действия. Величина коэффициента трения колес об металлические колодки. Приложение теории к оценке действия некоторых тормазных систем 
516 1 |a Тормазные системы 
610 1 |a железнодорожный транспорт 
610 1 |a тормозные системы 
610 1 |a устройство 
610 1 |a коэффициент трения 
610 1 |a расчеты 
610 1 |a подвижной состав 
610 1 |a владельческие знаки 
610 1 |a библиотека И. Н. Бутакова 
675 |a 625.2  |v 4 
675 |a 09  |v 4 
700 1 |a Петров  |b И. П.  |c русский учёный в области машиностроения  |c почётный член Петербургской академии наук, инженер-генерал  |f 1836-1920  |g Николай Павлович  |2 stltpush  |3 (RuTPU)RU\TPU\pers\20222  |9 8040 
801 1 |a RU  |b 63413507  |c 20160218 
801 2 |a RU  |b 63413507  |c 20190806  |g RCR 
942 |c BK